000 00352nam a2200157Ia 4500
003 Ost
005 20260225132557.0
008 260225s9999||||xx |||||||||||||| ||und||
040 _cfsic
041 _afre
082 _a302.23
100 _aroland dumas
_eAuteur
245 0 _aLE DROIT DE L'INFORMATION /
245 0 _croland dumas
942 _cكتاب
999 _c34525
_d34525